[Event "EU-ch blitz"]
[Site "Katowice"]
[Date "2017.12.15"]
[Round "12"]
[White "Frink, Ferenc"]
[Black "Przybylski, Wojciech"]
[Result "0-1"]
[WhiteElo "2106"]
[BlackElo "2320"]
[PlyCount "96"]
[EventDate "2017.12.15"]
[EventType "swiss (blitz)"]
[EventRounds "22"]
[EventCountry "POL"]
[SourceTitle "CBM 182 Extra"]
[Source "ChessBase"]
[SourceDate "2018.02.23"]
[SourceVersion "1"]
[SourceVersionDate "2018.02.23"]
[SourceQuality "1"]

1. e4 e5 2. f4 d5 3. Nf3 exf4 4. exd5 Nf6 5. Bc4 Nxd5 6. 0-0 Be7 7. d4 c6 8. Bxd5 cxd5 9. Bxf4 0-0 10. Nc3 Nc6 11. Qd2 Be6 12. Rae1 Bf6 13. Be5 Nxe5 14. dxe5 Be7 15. h3 Qb6+ 16. Kh2 Rad8 17. Nd4 Bc5 18. Nf5 d4 19. Ne4 Bxf5 20. Nxc5 Bg6 21. b4 Rfe8 22. a3 Qc6 23. Qg5 b6 24. Nd3 Qxc2 25. Nf4 Qf5 26. Qg3 Qd7 27. e6 fxe6 28. Nxg6 hxg6 29. Qxg6 Re7 30. Rf4 Qe8 31. Qg5 Rd5 32. Qg3 d3 33. Rg4 d2 34. Rxe6 Rxe6 35. Rxg7+ Kh8 36. Rg4 Rh5 37. Qc3+ Ree5 38. Qxd2 Qb8 39. Kh1 Qe8 40. Qc3 Rh7 41. Re4 Rhh5 42. g4 Rhg5 43. Qd4 Qa8 44. h4 Qxe4+ 45. Qxe4 Rxe4 46. hxg5 Rxg4 47. Kh2 Rxg5 48. Kh3 Rf5 0-1

[Event "SVK-ch Seniors 65"]
[Site "Tatranske Matliare"]
[Date "2017.05.27"]
[Round "1"]
[White "Frink, Ferenc"]
[Black "Hagara, Eduard1111"]
[Result "1-0"]
[WhiteElo "2075"]
[BlackElo "1787"]
[PlyCount "65"]
[EventDate "2017.05.27"]
[EventType "swiss"]
[EventRounds "9"]
[EventCountry "SVK"]
[SourceTitle "EXT 2023"]
[Source "ChessBase"]
[SourceDate "2022.10.05"]
[SourceVersion "1"]
[SourceVersionDate "2022.10.05"]
[SourceQuality "1"]

1. e4 d6 2. d4 Nf6 3. Bd3 c6 4. Ne2 g6 5. h3 Bg7 6. 0-0 0-0 7. Be3 e5 8. c3 Nbd7 9. Qd2 Re8 10. Ng3 Nf8 11. Na3 Be6 12. f4 exf4 13. Bxf4 d5 14. e5 N6d7 15. Rf3 f6 16. exf6 Bxf6 17. Raf1 Qe7 18. Bb1 a6 19. Bh6 Bg7 20. Bg5 Qd6 21. Nc2 Nb6 22. b3 Nfd7 23. h4 Rf8 24. Bf4 Qe7 25. h5 Bg4 26. hxg6 Bxf3 27. gxh7+ Kh8 28. Rxf3 Qh4 29. Ne3 Rxf4 30. Nef5 Rxf5 31. Nxf5 Qf6 32. Rg3 Rf8 33. Rxg7 1-0

[Event "SVK-chT2C 1617"]
[Site "Slovakia"]
[Date "2017.02.12"]
[Round "9.5"]
[White "Frink, Ferenc"]
[Black "Blumelova, Zdenka"]
[Result "1-0"]
[WhiteElo "2090"]
[BlackElo "1985"]
[PlyCount "98"]
[EventDate "2016.10.08"]
[EventType "team-tourn"]
[EventRounds "11"]
[EventCountry "SVK"]
[SourceTitle "EXT 2018"]
[Source "ChessBase"]
[SourceDate "2017.10.13"]
[SourceVersion "1"]
[SourceVersionDate "2017.10.13"]
[SourceQuality "1"]
[WhiteTeam "Filakovo"]
[BlackTeam "Rajecke Teplice"]
[WhiteTeamCountry "SVK"]
[BlackTeamCountry "SVK"]

1. e4 e5 2. f4 d6 3. Nf3 Nd7 4. Bc4 Be7 5. 0-0 Ngf6 6. Bxf7+ Kxf7 7. Ng5+ Kg8 8. Ne6 Qe8 9. Nxc7 Qd8 10. Nxa8 b5 11. fxe5 dxe5 12. d4 Bb7 13. dxe5 Nxe5 14. Qxd8+ Bxd8 15. Bf4 Ng6 16. Bc7 Be7 17. Nc3 b4 18. Nd5 Bc5+ 19. Kh1 Nxe4 20. Bg3 Bxa8 21. Rad1 h6 22. Nf4 Nxf4 23. Rxf4 Nxg3+ 24. hxg3 Kh7 25. Rc4 Rc8 26. c3 Bb7 27. cxb4 Bf2 28. Rxc8 Bxc8 29. Kh2 Be6 30. a3 Kg6 31. Rd2 Bb6 32. a4 Kf6 33. a5 Bc7 34. Rc2 Bd6 35. b5 Ke7 36. Rc6 Bd7 37. Ra6 Bc5 38. b6 axb6 39. b4 Bd4 40. axb6 Kd6 41. b7+ Kc7 42. b8R Kxb8 43. Rd6 Bc3 44. Rxd7 Bxb4 45. Rxg7 Kc8 46. Kh3 Kd8 47. Rg6 Bf8 48. Kh4 Ke8 49. Kh5 Ba3 1-0